Clic Les éoliennes dans les régions - Statistiques

Statistiques générales
  • Ce quiz a été pris 6 fois
  • Le résultat moyen est 3 sur 16
Statistiques - réponses
Hint Extra Hint Réponse % Correct
Grand est 3967 MW 1846
50%
Hauts-de-France 4245 MW 1863
50%
Martinique 1 MW 15
33%
Corse 18 MW 30
33%
Auvergne-Rhône-Alpes 674 MW 382
33%
Guadeloupe 40 MW 163
17%
Pays-de-la-Loire 935 MW 512
17%
Bretagne 856 MW 541
17%
Nouvelle-Aquitaine 1162 MW 631
17%
Provence-Alpes-Côte d'azur 87 MW 77
17%
Occitanie 1566 MW 872
17%
Normandie 854 MW 392
0%
Bourgogne-Franche-Comté 925 MW 452
0%
Ile-de-France 67 MW 50
0%
Centre-Val-de-Loire 1263 MW 570
0%
Réunion 17 MW 60
0%
Aucun quiz correspondant
Distribution des résultats
% des personnes avec chaque résultat
Percentile par nombre de réponses
Votre historique - résultats
Vous n’avez pas pris ce quiz